000 00314nam a22001457a 4500
008 210527b ||||| |||| 00| 0 eng d
020 _a9780393912999
041 _aeng
080 _23rd
_a371
082 _a371
100 _a46
101 _aEDU
245 _aYou May Ask Yourself
_cConley,D
942 _2udc
_cBK
999 _c57757
_d57757